Atletico Madrid Top Scorers - Statistics

General Stats
  • This quiz has been taken 67 times
  • The average score is 8 of 25
Answer Stats
Country Goals Player (Answer) % Correct
France 150 Antoine Griezmann
100%
Spain 128 Fernando Torres
88%
Spain 83 Diego Costa
79%
Argentina 101 Sergio Aguero
74%
Uruguay 96 Diego Forlan
69%
Spain 47 Koke
64%
Colombia 70 Radamel Falcao
64%
Argentina 65 Angel Correa
57%
Mexico 75 Hugo Sanchez
48%
Spain 154 Luis Aragones
40%
Portugal 49 Paulo Futre
21%
Spain 45 Raul Garcia
21%
Spain 89 Adelardo
14%
Spain 47 Jose Luis Caminero
12%
Spain 84 Joaquin Peiro
5%
Spain 121 Jose Eulogio Garate
5%
Spain 90 Manolo
5%
Spain 67 Adrian Escudero
2%
Brazil 60 Baltazar
2%
Spain 69 Enrique Collar
2%
Spain 63 Kiko Narvaez
2%
Spain 84 Paco Campos
2%
Spain 57 Javier Irureta
0%
Portugal 74 Jorge Mendonca
0%
Spain 53 Roberto Marina
0%
No matching quizzes found
Score Distribution
Percent of People with Each Score
Percentile by Number Answered
Your Score History
You have not taken this quiz